Quizzes
Events
Quiz Creation
Community
Videos
Private Events
Remove Ads
Sign In
Join for FREE
Feedback
Dark Mode
Quiz Categories
Sports
Geography
Music
Movies
Television
Just For Fun
Miscellaneous
History
Literature
Language
Science
Gaming
Entertainment
Religion
Holiday
For Kids
Quiz Lab
Recent
Popular Today
Quiz Kudos Today
Editor Picks
Curator Picks
Quizzes by...
Day
Popularity
Type
Ratings
Length
Year
Community
Subscriptions
Recent Discussions
Orange Saloon
Badges
Playlists
Quests
Create
Leaderboards
Showdown
Live 5
Trivia Bingo
Activity
Puzzle Library
Sporcle Events
Private Events
Virtual Trivia
Globe League
Become a Host
Pub Owners
SporcleCon
Opinionation
Our Games
Videos
Blog
Mobile Apps
Partnerships
Remove Ads and Go Orange
Feedback
History
US Presidents
World Leaders
Politics
Nation
Discovery
War
Decade
Year
Century
Biography
Art
History
US Presidents
World Leaders
Politics
Nation
Discovery
War
Decade
Year
Century
Biography
Art
Random Quiz
Search Sporcle
×
Quiz Lab
Quiz Lab
History
Country
Type in answers that appear in a list
Type in answers that appear in a list
Classic
Best Score? Go Orange.
Top 10 Worst Dictators Stats
Can you name the Top 10 Worst Dictators?
By
Baller14
2m
10 Questions
1,244 Plays
1,244 Plays
1,244 Plays
Comments
Comments
Give Quiz Kudos
Give Quiz Kudos
-
- Ratings
hide this ad
Replay
Link that replays current quiz
Next Quiz
Link to next quiz in quiz playlist
You Got
0%
They Got
Avg Score
67%
Avg Friend Score
Upgrade to see
Score Distribution
Jump to the score distribution portion of the page
Score
0/10
Timer
02:00
0
Plays Today
Rank
Dictator
% Correct
1
Adolf Hitler
99.4%
2
Joseph Stalin
97.2%
3
Mao
88.4%
6
Kim
84.1%
4
Pol Pot
80.8%
8
Saddam Hussein
79.9%
5
Muammar Gaddafi
59.4%
10
Robert Mugabe
57.6%
7
Omar Al-Bashir
21.4%
9
Vlad 3 The Impaler
3.7%
Quiz Playlist
Details
Report
Send in Message
Add To Playlist
Classic:
Type in answers that appear in a list
Quiz Source
Last Updated: Dec 3, 2018
Quiz Scoreboard
CHALLENGE
Sign Up to Join the Scoreboard
Show All
Scores
Hide
Comments
May contain spoilers
Recently Published
Decade Duel: World Leaders
by jenniferyan
History
4m
Alphabetical 'K' Countries by Flag Minefield
by ylime102
Geography
3m
Pick 6: Fruits
by JohnFran
Miscellaneous
15s
More to Explore
Quiz From the Vault
Featured Blog Post
15 Basketball Trivia Facts You Can Be March Mad About
hide this ad
You Might Also Like...
Tags
Country Quiz
dictator
Top 10
Worst
Today's Top Quizzes in History
Browse History
hide this ad
Today's Top Quizzes in Country
Browse Country
Top Contributed Quizzes in History
1
I Am Born On March 19th
2
Famous Spring Paintings
3
Arab Spring Nations
4
Art in Bloom
5
History by Year: 1980s
6
Nickname Match: World Leaders II
7
'NCAA' US History
8
I Am Born On March 18th
9
Nickname Match: US Presidents
10
Mahatma Gandhi, This Is Your Life
Explore More
Trending Topics
Crossword
Marvel
Kpop
Disney
Anime
Harry Potter
NBA
Song
NFL
Soccer
Pokémon
Puzzle
Country
The Office
WWE
hide this ad
More By:
Baller14
Quiz
Plays
Rating
Category
Featured
Created
'B' Elements
40,090
4.48
Science
Dec 1, 2011
Top 10 Worst Dictators
1,244
1.57
History
Feb 6, 2012
Matthew Perry Movies
216
2.50
Movies
Feb 7, 2012
members of LMFAO
203
1.00
Music
Jan 1, 2012
characters on modern family
192
4.00
Television
Jan 5, 2012
Go to Creator's Profile
Score Distribution
Quiz Creator Spotlight
Baller14
Follow
Send a Message
Quizzes Created
-
Created Quiz Play Count
-
More By This Creator
Popular Quizzes Today
1
Countries of Asia Without Outlines Minefield
2
Find the US States - No Outlines Minefield
3
Pick 6: Fruits
4
Alphabetical 'K' Countries by Flag Minefield
5
The Countries of the World
6
Find the Countries of Europe - No Outlines Minefield
7
Find the US States
8
US States
More History Quizzes
History Themes on a Crossword: World War II
Quiz Lab
Trending Quizzes
Pick 6: Mountains
Pick 6: Harry Potter
Pick 6: Flags
Pick 6: NFL Teams
Pick 6: Movie Franchises
Recently Updated
Adaptations: Name the Title
pecheneg
NWSL Teams
pecheneg
Women's Final Four Teams by Year
bhenderson79
Presidents Quartet II
eogle
Anything But Clue(do)
eogle
Anything But Oceanian Capitals
eogle
Anything But 7
eogle
Anything But Thing
eogle
Word Ladder: February 29
pecheneg
Song Title Questions
pecheneg
Trending Topics
NBA
Kpop
Crossword
Harry Potter
Anime
Disney
Marvel
NFL
WWE
Song
Pokémon
Puzzle
Country
The Office
Soccer
Your Account Isn't Verified!
In order to create a playlist on Sporcle, you need to verify the email address you used during registration. Go to your
Sporcle Settings
to finish the process.
Report this User
Report this user for behavior that violates our
Community Guidelines
.
Details:
Send Report
Go to the Sporcle.com Mobile Site →
Comments